[Event "CAN-op"]
[Site "Toronto"]
[Date "1987.07.25"]
[Round "1"]
[White "Kwasnychka, Mike"]
[Black "Brodie, Hugh"]
[Result "0-1"]
[WhiteElo "1670"]
[BlackElo "1899"]
[PlyCount "90"]
[EventDate "1987.07.25"]
[EventType "swiss"]
[EventRounds "10"]
[EventCountry "CAN"]
[SourceTitle "EXT 2022"]
[Source "ChessBase"]
[SourceDate "2021.10.06"]
[SourceVersion "1"]
[SourceVersionDate "2021.10.06"]
[SourceQuality "1"]

1. e4 c5 2. Nf3 Nc6 3. d4 cxd4 4. Nxd4 g6 5. Nc3 Bg7 6. Be3 Nf6 7. Be2 0-0 8. 0-0 d5 9. Nxc6 bxc6 10. Qd2 Nxe4 11. Nxe4 dxe4 12. Qxd8 Rxd8 13. c3 Be6 14. Bc5 Rd2 15. Ba6 Rxb2 16. Bxe7 Rb6 17. Be2 Bxc3 18. Rac1 Be5 19. a3 Bd5 20. Rfd1 Rb7 21. Bc5 f5 22. g3 Kf7 23. h4 Ke6 24. Ba6 Rd7 25. Rb1 Bd6 26. Rbc1 Rb8 27. Bb4 Bxb4 28. axb4 Ke5 29. Rb1 Rb6 30. Be2 Rdb7 31. b5 cxb5 32. Kh2 Bc4 33. f4+ Ke6 34. Bxc4+ bxc4 35. Rbc1 Rb2+ 36. Kh3 Rc7 37. Rd8 c3 38. Rcd1 c2 39. Re8+ Re7 40. Rxe7+ Kxe7 41. Rc1 Kd6 42. Kg2 Kd5 43. Kf2 Kd4 44. Ke2 Kc3 45. Ke3 Rb1 0-1